| 000 | 00447nam a2200193Ia 4500 | ||
|---|---|---|---|
| 008 | 210210b1886 xxu||||| |||| 00| 0 eng d | ||
| 041 | _aeng | ||
| 082 | _a514/30 | ||
| 100 | _aFROST (P) | ||
| 245 | _aElementary treatise on curve tracing | ||
| 260 |
_aLondon _bMacmillan & Co. Ltd. _c1886 |
||
| 650 | _atreatise | ||
| 650 | _atracing | ||
| 650 | _aon | ||
| 650 | _aElementary | ||
| 650 | _acurve | ||
| 690 | _aGeometry | ||
| 906 | _a007476 | ||
| 999 |
_c139970 _d139970 |
||